<?xml version="1.0" encoding="UTF-8"?><?xml-stylesheet type="text/xsl" href="static/style.xsl"?><OAI-PMH xmlns="http://www.openarchives.org/OAI/2.0/" xmlns:xsi="http://www.w3.org/2001/XMLSchema-instance" xsi:schemaLocation="http://www.openarchives.org/OAI/2.0/ http://www.openarchives.org/OAI/2.0/OAI-PMH.xsd"><responseDate>2026-04-13T04:50:25Z</responseDate><request verb="GetRecord" identifier="oai:www.recercat.cat:2072/428355" metadataPrefix="marc">https://recercat.cat/oai/request</request><GetRecord><record><header><identifier>oai:recercat.cat:2072/428355</identifier><datestamp>2025-04-27T03:00:22Z</datestamp><setSpec>com_2072_98</setSpec><setSpec>col_2072_378192</setSpec></header><metadata><record xmlns="http://www.loc.gov/MARC21/slim" xmlns:dcterms="http://purl.org/dc/terms/" xmlns:xsi="http://www.w3.org/2001/XMLSchema-instance" xmlns:doc="http://www.lyncode.com/xoai" xsi:schemaLocation="http://www.loc.gov/MARC21/slim http://www.loc.gov/standards/marcxml/schema/MARC21slim.xsd">
   <leader>00925njm 22002777a 4500</leader>
   <datafield ind2=" " ind1=" " tag="042">
      <subfield code="a">dc</subfield>
   </datafield>
   <datafield ind2=" " ind1=" " tag="720">
      <subfield code="a">Martin Valdunciel, M. Engracia</subfield>
      <subfield code="e">author</subfield>
   </datafield>
   <datafield ind2=" " ind1=" " tag="260">
      <subfield code="c">2018</subfield>
   </datafield>
   <datafield ind2=" " ind1=" " tag="520">
      <subfield code="a">El artículo aborda críticamente el análisis de una formación discursiva bibliotecaria, la relativa a responsabilidad social y sostenibilidad. Para ello se contextualizan históricamente tanto los conceptos que componen el sintagma -al objeto de clarificar su sentido y adscripción social-, como su incorporación y recontextualización en el medio académico. Aunque la enunciación del contenido responsabilidad social y sostenibilidad se formula de forma aséptica, su articulación como práctica discursiva en el marco de la nueva gestión empresarial de la universidad y sus bibliotecas nos lleva a inferir sesgos en su formulación retórica. Concluimos que, a partir de una conceptualización difusa y su imbricación en prácticas de eficientismo tecnócrata, el discurso puede ser utilizado como medio para legitimar la desregulación de instituciones públicas educativas.</subfield>
   </datafield>
   <datafield ind2=" " ind1=" " tag="520">
      <subfield code="a">The paper focus on a critical analysis of a discursive formation in Spanish academic libraries: social responsibility and sustainability. The concepts that make up the discourse are historically contextualized in order to clarify their origin and social affiliation. Although the enunciation of social responsibility and sustainability content is formulated ambiguously, its articulation as a discursive practice within the framework of the new corporate management university libraries leads us to infer bias in their rhetorical formulation. We consider that, from a fuzzy concept and its integration into technocratic practices, the discourse can be used as a tool for legitimizing the deregulation of public educational institutions.</subfield>
   </datafield>
   <datafield tag="653" ind2=" " ind1=" ">
      <subfield code="a">Bibliotecas universitarias</subfield>
   </datafield>
   <datafield tag="653" ind2=" " ind1=" ">
      <subfield code="a">Responsabilidad social y sostenibilidad</subfield>
   </datafield>
   <datafield tag="653" ind2=" " ind1=" ">
      <subfield code="a">Capitalismo académico</subfield>
   </datafield>
   <datafield tag="653" ind2=" " ind1=" ">
      <subfield code="a">Neoliberalismo</subfield>
   </datafield>
   <datafield tag="653" ind2=" " ind1=" ">
      <subfield code="a">Academic libraries</subfield>
   </datafield>
   <datafield tag="653" ind2=" " ind1=" ">
      <subfield code="a">Social responsibility and sustainability</subfield>
   </datafield>
   <datafield tag="653" ind2=" " ind1=" ">
      <subfield code="a">Academic capitalism</subfield>
   </datafield>
   <datafield tag="653" ind2=" " ind1=" ">
      <subfield code="a">Neoliberalism</subfield>
   </datafield>
   <datafield ind2="0" ind1="0" tag="245">
      <subfield code="a">Responsabilidad social y sostenibilidad en bibliotecas universitarias españolas : problematización del discurso desde perspectivas de análisis crítico</subfield>
   </datafield>
</record></metadata></record></GetRecord></OAI-PMH>